Comunicación eficaz para los negocios curso de conversación, recursos y vocabulario
Saved in:
| Main Author: | |
|---|---|
| Other Authors: | |
| Format: | Book |
| Language: | Spanish |
| Published: |
Madrid
edelsa
2010
|
| Series: | Español Lengua Extranjera
|
| Subjects: | |
| Tags: |
No Tags, Be the first to tag this record!
|
MARC
| LEADER | 00000nam a2200000 4500 | ||
|---|---|---|---|
| 001 | 0242579 | ||
| 005 | 20240221113940.7 | ||
| 020 | |a 978-84-7711-700-1 | ||
| 041 | 0 | |a spa | |
| 044 | |a ES | ||
| 245 | 1 | 0 | |a Comunicación eficaz para los negocios |b curso de conversación, recursos y vocabulario |c Marisa de Prada, Pilar Marcé |
| 264 | 1 | |a Madrid |b edelsa |c 2010 | |
| 300 | |a 112 s. |e CD Audio | ||
| 490 | 1 | |a Español Lengua Extranjera | |
| 830 | 0 | |a Español Lengua Extranjera | |
| 610 | 2 | 0 | |a jazykoveda |
| 610 | 2 | 0 | |a terminológia |
| 610 | 2 | 0 | |a jazyky cudzie |
| 610 | 2 | 0 | |a španielčina |
| 610 | 2 | 0 | |a komunikácia |
| 610 | 2 | 0 | |a odbornosť |
| 610 | 2 | 0 | |a zásoba slovná |
| 100 | 1 | |a de Prada, Marisa | |
| 700 | 1 | |a Marcé, Pilar | |